Scattered Pictures: 2018 Quiz Stats

 Plays Quiz Updated Jul 13, 2019

Score 0/189 Timer 19:00
1 Play Today
Word Film title % Correct
BohemianBohemian Rhapsody
91.3%
RhapsodyBohemian Rhapsody
91.3%
AndAnt-Man and the Wasp
79.7%
Ant-ManAnt-Man and the Wasp
79.6%
TheAnt-Man and the Wasp
79.6%
WaspAnt-Man and the Wasp
79.6%
BlackBlack Panther
78.8%
PantherBlack Panther
78.8%
AvengersAvengers: Infinity War
76.5%
InfinityAvengers: Infinity War
76.5%
WarAvengers: Infinity War
76.5%
AsiansCrazy Rich Asians
75.6%
CrazyCrazy Rich Asians
75.6%
RichCrazy Rich Asians
75.6%
8Ocean's 8
74.7%
Ocean'sOcean's 8
74.7%
MaryMary Poppins Returns
74.1%
PoppinsMary Poppins Returns
74.1%
ReturnsMary Poppins Returns
74.1%
BreaksRalph Breaks the Internet
69.5%
InternetRalph Breaks the Internet
69.5%
RalphRalph Breaks the Internet
69.5%
TheRalph Breaks the Internet
69.5%
IntoSpider-Man: Into The Spider-Verse
69.5%
AA Wrinkle in Time
69.5%
inA Wrinkle in Time
69.5%
Spider-ManSpider-Man: Into The Spider-Verse
69.5%
Spider-VerseSpider-Man: Into The Spider-Verse
69.5%
TheSpider-Man: Into The Spider-Verse
69.5%
TimeA Wrinkle in Time
69.5%
WrinkleA Wrinkle in Time
69.5%
AA Star is Born
69.2%
BornA Star is Born
69.2%
IsA Star is Born
69.2%
StarA Star is Born
69.2%
BeastsFantastic Beasts: The Crimes of Grindelwald
66.6%
CrimesFantastic Beasts: The Crimes of Grindelwald
66.6%
FantasticFantastic Beasts: The Crimes of Grindelwald
66.6%
GrindelwaldFantastic Beasts: The Crimes of Grindelwald
66.6%
OfFantastic Beasts: The Crimes of Grindelwald
66.6%
TheFantastic Beasts: The Crimes of Grindelwald
66.6%
FiftyFifty Shades Freed
65.6%
FreedFifty Shades Freed
65.6%
ShadesFifty Shades Freed
65.6%
AgainMamma Mia! Here We Go Again
64.5%
GoMamma Mia! Here We Go Again
64.5%
HereMamma Mia! Here We Go Again
64.5%
MammaMamma Mia! Here We Go Again
64.5%
Mia!Mamma Mia! Here We Go Again
64.5%
WeMamma Mia! Here We Go Again
64.5%
OneReady Player One
63%
PlayerReady Player One
63%
ReadyReady Player One
63%
FallenJurassic World: Fallen Kingdom
57.7%
JurassicJurassic World: Fallen Kingdom
57.7%
KingdomJurassic World: Fallen Kingdom
57.7%
WorldJurassic World: Fallen Kingdom
57.7%
ASolo: A Star Wars Story
55.7%
SoloSolo: A Star Wars Story
55.7%
StarSolo: A Star Wars Story
55.7%
StorySolo: A Star Wars Story
55.7%
WarsSolo: A Star Wars Story
55.7%
FalloutMission: Impossible - Fallout
54.5%
Word Film title % Correct
ImpossibleMission: Impossible - Fallout
54.5%
MissionMission: Impossible - Fallout
54.5%
PeterPeter Rabbit
54.3%
RabbitPeter Rabbit
54.3%
GnomesSherlock Gnomes
52.2%
SherlockSherlock Gnomes
52.2%
PacificPacific Rim Uprising
50.2%
RimPacific Rim Uprising
50.2%
UprisingPacific Rim Uprising
50.2%
DogsIsle Of Dogs
50.2%
IsleIsle Of Dogs
50.2%
OfIsle Of Dogs
50.2%
AA Quiet Place
48.9%
PlaceA Quiet Place
48.9%
QuietA Quiet Place
48.9%
MaryMary Queen of Scots
47.2%
OfMary Queen of Scots
47.2%
QueenMary Queen of Scots
47.2%
ScotsMary Queen of Scots
47.2%
RedRed Sparrow
46.8%
SparrowRed Sparrow
46.8%
BealeIf Beale Street Could Talk
45.5%
CouldIf Beale Street Could Talk
45.5%
IfIf Beale Street Could Talk
45.5%
StreetIf Beale Street Could Talk
45.5%
TalkIf Beale Street Could Talk
45.5%
BookGreen Book
41.5%
GreenGreen Book
41.5%
MarwenWelcome to Marwen
38.1%
ToWelcome to Marwen
38.1%
WelcomeWelcome to Marwen
38.1%
3Hotel Transylvania 3: Summer Vacation
38%
HotelHotel Transylvania 3: Summer Vacation
38%
SummerHotel Transylvania 3: Summer Vacation
38%
TransylvaniaHotel Transylvania 3: Summer Vacation
38%
VacationHotel Transylvania 3: Summer Vacation
38%
CureMaze Runner: The Death Cure
36.2%
DeathMaze Runner: The Death Cure
36.2%
MazeMaze Runner: The Death Cure
36.2%
RunnerMaze Runner: The Death Cure
36.2%
TheMaze Runner: The Death Cure
36.2%
AThe House With A Clock In Its Walls
36.1%
ClockThe House With A Clock In Its Walls
36.1%
HouseThe House With A Clock In Its Walls
36.1%
InThe House With A Clock In Its Walls
36.1%
ItsThe House With A Clock In Its Walls
36.1%
TheThe House With A Clock In Its Walls
36.1%
WallsThe House With A Clock In Its Walls
36.1%
WithThe House With A Clock In Its Walls
36.1%
LoveLove, Simon
35.3%
SimonLove, Simon
35.3%
DumpedThe Spy Who Dumped Me
35.2%
MeThe Spy Who Dumped Me
35.2%
SpyThe Spy Who Dumped Me
35.2%
TheThe Spy Who Dumped Me
35.2%
WhoThe Spy Who Dumped Me
35.2%
BasisOn the Basis of Sex
35.1%
OfOn the Basis of Sex
35.1%
OnOn the Basis of Sex
35.1%
SexOn the Basis of Sex
35.1%
TheOn the Basis of Sex
35.1%
EighthEighth Grade
34.5%
GradeEighth Grade
34.5%
Word Film title % Correct
15:17The 15:17 to Paris
33.4%
ParisThe 15:17 to Paris
33.4%
TheThe 15:17 to Paris
33.4%
ToThe 15:17 to Paris
33.4%
BoyBoy Erased
33%
ErasedBoy Erased
33%
GameGame Night
32.2%
NightGame Night
32.2%
DaySicario: Day of the Soldado
32.1%
OfSicario: Day of the Soldado
32.1%
SicarioSicario: Day of the Soldado
32.1%
SoldadoSicario: Day of the Soldado
32.1%
TheSicario: Day of the Soldado
32.1%
AtBad Times At The El Royale
31.5%
BadBad Times At The El Royale
31.5%
ElBad Times At The El Royale
31.5%
RoyaleBad Times At The El Royale
31.5%
TheBad Times At The El Royale
31.5%
TimesBad Times At The El Royale
31.5%
Go!Teen Titans Go! To The Movies
31.3%
MoviesTeen Titans Go! To The Movies
31.3%
TeenTeen Titans Go! To The Movies
31.3%
TheTeen Titans Go! To The Movies
31.3%
TitansTeen Titans Go! To The Movies
31.3%
ToTeen Titans Go! To The Movies
31.3%
DeathThe Death of Stalin
30.5%
OfThe Death of Stalin
30.5%
StalinThe Death of Stalin
30.5%
TheThe Death of Stalin
30.5%
GiveThe Hate U Give
30.2%
HateThe Hate U Give
30.2%
TheThe Hate U Give
30.2%
UThe Hate U Give
30.2%
MaryProud Mary
28.5%
ProudProud Mary
28.5%
CanCan You Ever Forgive Me?
27.3%
EverCan You Ever Forgive Me?
27.3%
ForgiveCan You Ever Forgive Me?
27.3%
Me?Can You Ever Forgive Me?
27.3%
YouCan You Ever Forgive Me?
27.3%
FamilyInstant Family
25.6%
InstantInstant Family
25.6%
FirstFirst Man
25.5%
ManFirst Man
25.5%
FeelI Feel Pretty
24.6%
II Feel Pretty
24.6%
PrettyI Feel Pretty
24.6%
AndThe Old Man And the Gun
18.4%
GunThe Old Man And the Gun
18.4%
ManThe Old Man And the Gun
18.4%
OldThe Old Man And the Gun
18.4%
TheThe Old Man And the Gun
18.4%
TheThe Old Man And the Gun
18.4%
ActSecond Act
17.2%
SecondSecond Act
17.2%
LifeLife of the Party
16%
OfLife of the Party
16%
PartyLife of the Party
16%
TheLife of the Party
16%
CanI Can Only Imagine
14.6%
II Can Only Imagine
14.6%
ImagineI Can Only Imagine
14.6%
OnlyI Can Only Imagine
14.6%

You're not logged in!

Compare scores with friends on all Sporcle quizzes.
OR
Log In

Sporcle TV

Today on Sporcle TV


Watch our educational content, quiz creation guides, and fun videos on Sporcle TV.

Show Comments

Extras

Top Quizzes Today


Score Distribution

Your Account Isn't Verified!

In order to create a playlist on Sporcle, you need to verify the email address you used during registration. Go to your Sporcle Settings to finish the process.

Report this User

Report this user for behavior that violates our Community Guidelines.

Details: